LEADER 01997nam a2200373 i 4500 001 991000266279707536 005 20240927092043.0 008 940712s1987 it er 001 e ita d 020 $a887863315 035 $ab10676958-39ule_inst 035 $aEXGIL142638$9ExL 040 $aBibl. Interfacoltà T. Pellegrino$bita$dSocioculturale Scs 041 0 $aita 082 04$a853.509$223 245 00$aSul romanzo secentesco :$batti dell'incontro di studio di Lecce (29 novembre 1985) /$ca cura di Gino Rizzo 260 $aGalatina :$bCongedo,$c1987 300 $a191 p. ;$c26 cm 490 1 $aPubblicazioni del Dipartimento di filologia, linguistica e letteratura dell'Università di Lecce ;$v4 650 4$aNarrativa italiana$ySec. 17.$xCongressi$zLecce$y1985 650 4$aRomanzi$xItalia$ySec. 17. 700 1 $aRizzo, Gino 830 0$aPubblicazioni del Dipartimento di filologia, linguistica e letteratura dell'Università di Lecce ;$v4 856 41$uhttp://siba-ese.unisalento.it/index.php/pubfilling/issue/view/940$zVersione elettronica (ESE - Salento University Publishing) 907 $a.b10676958$b07-04-22$c28-06-02 912 $a991000266279707536 945 $aLE008 TS L XII 4 c. 1$g1$i2008000042783$lle008$o-$pE0.00$q-$rl$s-$t0$u1$v0$w1$x0$y.i12389274$z01-04-03 945 $aLE008 TS L XII 4 c. 2$g2$i2008000042776$lle008$o-$pE0.00$q-$rl$s-$t0$u0$v0$w0$x0$y.i12389286$z01-04-03 945 $aLE008 TS L XII 4 c. 3$g3$i2008000042769$lle008$o-$pE0.00$q-$rl$s-$t0$u0$v0$w0$x0$y.i12389298$z01-04-03 945 $aLE008 TS L XII 4 c. 4$g4$i2008000042752$lle008$o-$pE0.00$q-$rl$s-$t0$u0$v0$w0$x0$y.i12389304$z01-04-03 945 $aLE008 TS L XII 4 c. 5$g5$i2008000042745$lle008$o-$pE0.00$q-$rl$s-$t0$u0$v0$w0$x0$y.i12389316$z01-04-03 945 $aLE002 Con. 164$g1$iLE002-1911N$lle002$o-$pE0.00$q-$rl$s-$t0$u0$v0$w0$x0$y.i10770227$z28-06-02 996 $aSul romanzo secentesco$9910375 997 $aUNISALENTO 998 $ale008$ale002$b01-01-94$cm$da$e-$fita$git$h0$i6